| 000 | 03253cam a22004694i 4500 | ||
|---|---|---|---|
| 003 | PE-LiUPU | ||
| 005 | 20250731165438.0 | ||
| 008 | 160525s2016 pe a grm 000 0 spa d | ||
| 035 | _a(Sirsi) a156853 | ||
| 040 |
_aPE-LiUPU _bspa _cPE-LiUPU _erda |
||
| 099 |
_aTPS 2 _bG67 2016 |
||
| 100 | 1 |
_aGonzáles Duránd, Andrea Milagros _eautor |
|
| 245 | 1 |
_aPercepción de estilos de crianza y estilos de afrontamiento en pacientes mujeres con diagnóstico de personalidad limite en un hospital de Salud Mental de Lima Este / _cAndrea Milagros Gonzáles Duránd. |
|
| 264 | 0 | _c2016. | |
| 300 |
_a76 hojas : _bilustraciones; _c30 cm |
||
| 336 |
_atext _2rdacontent |
||
| 337 |
_aunmediated _2rdamedia |
||
| 338 |
_avolume _2rdacarrier |
||
| 502 |
_aTesis _b(Lic.) -- _cUniversidad Peruana Unión, _d2016. |
||
| 504 | _aIncluye referencias | ||
| 520 | 3 | _aEl presente estudio tuvo como objetivo conocer la relación entre la percepción de estilos de crianza y estilos de afrontamiento al estrés en pacientes mujeres con trastorno límite de la personalidad. La muestra estuvo constituida por 51 pacientes del sexo femenino con edades de 18 a 50 años de un Hospital de Salud Mental. Se utilizó dos instrumentos: Escala Egna Minen Bertraffande Upp´fostranBreve- Modificado (EMBU) construida por Perris et al. (1980) adaptada en el Perú por el grupo de investigación del Instituto nacional de Salud Mental "Honorio Delgado- Hideyo Noguchi" (2009) y el Cuestionario de Modos de Afrontamiento al estrés (COPE) creada por Carver et al. (1989) adaptada al Perú por Casuso (1996). Los resultados encontrados fueron que no existe relación entre percepción de estilos de crianza con los estilos de afrontamiento al estrés, a excepción de la dimensión de exigencias y estilos de afrontamiento enfocados en el problema que presenta una relación moderada inversa altamente significativa (rho=,-360**, p<01), es decir cuanto mayor hayan sido las exigencias de los padres menor es el uso de estilos de afrontamiento centrado en el problema en las pacientes con trastorno de personalidad límite. Si los padres fueron muy exigentes con sus calificaciones, desempeño y actitudes mostrándose intrusivos, menor serán las acciones propias para afrontar el problema. Se concluyó que no existe relación entre percepción de estilos de crianza y estilos de afrontamiento al estrés debido a que las dos variables son independientes, ya que pueden estar relacionadas a otros factores que estarían interviniendo en los resultados en la población estudiada. | |
| 526 | _aSEG44 | ||
| 526 | _aSEG26 | ||
| 526 | _aP151 | ||
| 526 | _aP150 | ||
| 526 | _aP149 | ||
| 526 | _aP146 | ||
| 526 | _aP145 | ||
| 526 | _aP126 | ||
| 526 | _aP125 | ||
| 526 | _aP92 | ||
| 526 | _aP75 | ||
| 526 | _aP74 | ||
| 526 | _aP27 | ||
| 526 | _aP15 | ||
| 650 | 0 | 4 |
_aMujeres _xTrastornos límites de la personalidad _vTesis. |
| 650 | 0 | 4 |
_aTrastornos límites de la personalidad _xCrianza de niños _vTesis. |
| 700 | 1 |
_aPeña Guzmán, Rosa Alejandrina _eautor |
|
| 596 | _a1 | ||
| 942 |
_2ddc _cTESIS |
||
| 999 |
_aTPS 2 G67 2016 _wALPHANUM _c9508 _iT01959 _lCCODEBUL3 _mBUL _r1 _sY _tTESIS _u2016-5-25 _xSALUD _PP33 _o.STAFF. Tesis _d9508 |
||
| 980 |
_81 _gALBERTO SANCHEZ Responsable de Automatización |
||